000 00252nam a22001097a 4500
008 170126b xxu||||| |||| 00| 0 eng d
020 _a9780323048422
041 _aeng
080 _24th
_a61
245 _aHEALTH CAREERS TODAY
_cGERDIN, J
942 _2udc
_cBK
999 _c3754
_d3754